| 000 | 00442nam a2200157 a 4500 | ||
|---|---|---|---|
| 001 | 1181 | ||
| 003 | CDMR | ||
| 005 | 20130311113535.0 | ||
| 008 | 130130s2006||||||||||||||||||||||||||||d | ||
| 040 |
_aCDMR _bcat _cCPC LLEIDA |
||
| 110 | 2 |
_aAsociación de la Prensa de Madrid _987 |
|
| 245 | 1 | 0 |
_aEnsayar la autorregulación _cAsociación de la Prensa de Madrid |
| 260 |
_aMadrid _c2006 _bAPM |
||
| 490 | 0 | _aCuadernos de Periodistas | |
| 942 |
_cMON _2udc |
||
| 999 |
_c1181 _d1181 |
||